00000000nam 2200000zi 4500
0019.945158
003CaOODSP
00520250605140242
006m     o  d f      
007cr cn|||||||||
008241114t20252024oncab   ob   f000 0 iku d
020 |a9780660744995
040 |aCaOODSP|bfre|erda|cCaOODSP
043 |an-cn---
0861 |aFs23-755/2024Iku2-PDF
24500|a[Cinq ans de sciences côtières] : |b[le Programme sur les données environnementales côtières de référence, Plan de protection des océans, 2018-2023].
24610|aProgramme sur les données environnementales côtières de référence, Plan de protection des océans, 2018-2023
250 |a[Édition Inuktitut (Nunavut)].
264 1|a[Ottawa] : |bPêches et océans Canada = Fisheries and Oceans Canada, |c[2025]
264 4|c©2024
300 |a1 ressource en ligne (15 pages) : |billustrations, cartes
336 |atexte|btxt|2rdacontent/fre
337 |ainformatique|bc|2rdamedia/fre
338 |aressource en ligne|bcr|2rdacarrier/fre
500 |aTitre de la couverture.
500 |aTitre français fourni par l'éditeur.
504 |aComprend des références bibliographiques.
520 |a[« Afin de mieux comprendre et gérer nos côtes et nos voies navigables, Pêches et Océans Canada a lancé le Programme sur les données environnementales côtières de référence en 2018 dans le cadre du Plan de protection des océans du gouvernement du Canada »] -- [Introduction, page 3.]
546 |aTexte en Inuktitut (Nunavut).
650 6|aConservation des ressources marines|zCanada.
650 6|aParcs marins|zCanada.
7101 |aCanada. |bMinistère des pêches et des océans, |eorganisme de publication.
77508|tCinq ans de sciences côtières : |w(CaOODSP)9.945155
788 |t[Five years of coastal science] : |eeng|w(CaOODSP)9.945156
85640|qPDF|s3.71 Mo|uhttps://publications.gc.ca/collections/collection_2025/mpo-dfo/fs23/Fs23-755-2024-2-iku.pdf